[Event "Sinquefield Cup"]
[Site "Saint Louis, MO USA"]
[Date "2015.08.23"]
[EventDate "2015.08.21"]
[Round "1"]
[Result "0-1"]
[White "Magnus Carlsen"]
[Black "Veselin Topalov"]
[WhiteElo "2853"]
[BlackElo "2816"]
[PlyCount "80"]

1.e4 c5 2.Nf3 d6 3.Bb5+ Nd7 4.O-O Nf6 5.Re1 a6 6.Bd3 b5 7.c4
g5 8.Nxg5 Ne5 9.Be2 bxc4 10.Na3 Rg8 11.Nxc4 Nxc4 12.d4 Nb6
13.Bh5 Nxh5 14.Qxh5 Rg7 15.Nxh7 Qd7 16.dxc5 dxc5 17.e5 Qc6
18.f3 Qg6 19.Nf6+ Kd8 20.Qxg6 Rxg6 21.Ne4 Bb7 22.h4 Rc8 23.h5
Rg8 24.Bd2 Nc4 25.Bc3 Bh6 26.Rad1+ Ke8 27.Rd3 Bf4 28.Nf2 Bc6
29.Nh3 Bg3 30.Re2 Bb5 31.Rd1 Bc6 32.Nf2 Bxe5 33.Ng4 Bxc3
34.bxc3 Kf8 35.Kf2 Rh8 36.Ne5 Nxe5 37.Rxe5 Be8 38.g4 f6 39.Re6
Bb5 40.Rde1 Rc7 0-1